000 00686npc a2200205Ia 4500
001 dg87-39364
003 IT-MiCISF
008 161014s9999||||xx | und||
040 _aIT-MiCISF
_cIT-MiCISF
041 _ait
100 _aGay Cialfi Rita (a cura di)
245 0 _aOmosessualità e compiti dell'educazione
250 _a1a ed.
260 _a Casale M. (AL)
_bSonda
_c2004
300 _app. 55
500 _aPivetta F., Bianchi L., Dal Lago A., Gallo A., Del Favero R., Pietropolli Charmet G., Balbo L., Beffa C., Dell'Orto P., Zaccherini Marangoni S. / omosessualità, società, educazione /
650 _asessualità
942 _cDD
957 _71
999 _a39364
_bsi
_g1
_c207079
_d207079